Ordenanzas para el régimen, constitución y gobierno de la sociedad de propietarios interesados al aprovechamiento del agua de la Acequia Condal y sus minas
Descripción Física:
VI, 16 p. ; 21 cm
MARC
| LEADER | 00000nam a2200000Ia 4500 | ||
|---|---|---|---|
| 001 | 16050 | ||
| 008 | 160829s1842 xx 000 0 cat d | ||
| 080 | |a 842, exp. 1 | ||
| 245 | |a Ordenanzas para el régimen, constitución y gobierno de la sociedad de propietarios interesados al aprovechamiento del agua de la Acequia Condal y sus minas | ||
| 260 | |a Barcelona : |b (Imprenta de A. Brusi), |c 1842 | ||
| 300 | |a VI, 16 p. ; |c 21 cm | ||
| 590 | |a Apareix una paginació manuscrita que segueix la de l'expedient, p. 124-131 | ||
| 650 | |a Sociedad de Propietarios Interesados al Aprovechamiento del Agua de la Acequia Condal y sus Minas |x Reglaments i procediments |9 48632 | ||
| 901 | |a Arxiu | ||
| 942 | |n 1 | ||
| 952 | |0 0 |1 0 |4 0 |6 842_EXP_1 |7 1 |9 54713 |a Arxiu |b Arxiu |d 2016-12-01 |l 0 |o 842, exp. 1 |p 16050 |r 2016-12-01 00:00:00 |w 2016-12-01 |y ARXIU | ||
| 999 | |c 58582 |d 58582 | ||